Natural disasters / (Record no. 193)
[ view plain ]
| 000 -LEADER | |
|---|---|
| fixed length control field | 01069nam a22001817a 4500 |
| 008 - FIXED-LENGTH DATA ELEMENTS--GENERAL INFORMATION | |
| fixed length control field | 111027t xxu||||| |||| 00| 0 eng d |
| 020 ## - INTERNATIONAL STANDARD BOOK NUMBER | |
| International Standard Book Number | 0073040770 |
| 050 ## - LIBRARY OF CONGRESS CALL NUMBER | |
| Classification number | GB5014.A24 |
| 100 ## - MAIN ENTRY--PERSONAL NAME | |
| Personal name | Abbott Patrick L. |
| 245 ## - TITLE STATEMENT | |
| Title | Natural disasters / |
| Statement of responsibility, etc. | Patrick L. Abbott |
| 250 ## - EDITION STATEMENT | |
| Edition statement | 5th ed. |
| 260 ## - PUBLICATION, DISTRIBUTION, ETC. | |
| Place of publication, distribution, etc. | Boston: |
| Name of publisher, distributor, etc. | McGraw-Hill, |
| Date of publication, distribution, etc. | c2006. |
| 300 ## - PHYSICAL DESCRIPTION | |
| Extent | xvii,496p.: |
| Other physical details | illus |
| Dimensions | 28cm. |
| 500 ## - GENERAL NOTE | |
| General note | Includes index. |
| 505 ## - FORMATTED CONTENTS NOTE | |
| Formatted contents note | Contents: Natural disasters and the human population -- Energy flows in earth history and natural disasters -- Plate tectonics and earthquakes -- Basic principles of earthquake geology, seismology, and tsunami -- Some earthquakes in Western North America -- More U.S. and Canadian earthquakes -- Volcanic eruptions: plate tectonics and magmas -- Volcano case histories: Killer events -- Mass movements -- Atmosphere, oceans, and long-term climate change -- Short-term climate change and severe weather -- Hurricanes and the coastline -- Floods -- Fire -- The Great dyings -- Impacts with space objects. |
| 650 ## - SUBJECT ADDED ENTRY--TOPICAL TERM | |
| Topical term or geographic name entry element | Natural disasters |
| 942 ## - ADDED ENTRY ELEMENTS (KOHA) | |
| Source of classification or shelving scheme | Library of Congress Classification |
| Koha item type | Books |
| Withdrawn status | Lost status | Source of classification or shelving scheme | Damaged status | Not for loan | Home library | Current library | Shelving location | Date acquired | Total Checkouts | Full call number | Barcode | Date last seen | Copy number | Price effective from | Koha item type |
|---|---|---|---|---|---|---|---|---|---|---|---|---|---|---|---|
| Library of Congress Classification | WISCONSIN INTERNATIONAL UNIVERSITY COLLEGE, GHANA - MAIN LIBRARY | WISCONSIN INTERNATIONAL UNIVERSITY COLLEGE, GHANA - MAIN LIBRARY | General Stacks | 27/10/2011 | GB5014.A24 | 490/11 | 27/10/2011 | 1 | 27/10/2011 | Books | |||||
| Library of Congress Classification | WISCONSIN INTERNATIONAL UNIVERSITY COLLEGE, GHANA - MAIN LIBRARY | WISCONSIN INTERNATIONAL UNIVERSITY COLLEGE, GHANA - MAIN LIBRARY | General Stacks | 27/10/2011 | GB5014.A241 | 491/11 | 27/10/2011 | 2 | 27/10/2011 | Books | |||||
| Library of Congress Classification | WISCONSIN INTERNATIONAL UNIVERSITY COLLEGE, GHANA - MAIN LIBRARY | WISCONSIN INTERNATIONAL UNIVERSITY COLLEGE, GHANA - MAIN LIBRARY | General Stacks | 27/10/2011 | GB5014.A242 | 492/11 | 27/10/2011 | 3 | 27/10/2011 | Books | |||||
| Library of Congress Classification | WISCONSIN INTERNATIONAL UNIVERSITY COLLEGE, GHANA - MAIN LIBRARY | WISCONSIN INTERNATIONAL UNIVERSITY COLLEGE, GHANA - MAIN LIBRARY | General Stacks | 27/10/2011 | GB5014.A243 | 493/11 | 27/10/2011 | 4 | 27/10/2011 | Books |
